000 00631cam a22002173a 4500
001 45209
003 PGUSA
005 20140828084032.0
008 140325s2014||||xxu|||||s|||||000 | eng d
040 _aPGUSA
_beng
042 _adc
100 1 _aMarston, John
245 1 4 _aThe Works of John Marston :
_bVolume 1
_h[electronic resource] /
_cJohn Marston
260 _bProject Gutenberg,
_c2014
506 _aPublic domain in the USA.
516 _aElectronic text
700 1 _aBullen, A. H.
_q(Arthur Henry),
_d1857-1920
830 0 _aProject Gutenberg
_v45209
856 4 0 _uhttp://www.gutenberg.org/ebooks/45209
942 _cEB
999 _c274460
_d274460